Sports Quiz

Random Sports or Football Quiz

College football Coach's Quiz Stats

 Plays Quiz not verified by Sporcle

Score 0/30 Timer 11:00
0 Plays Today
Coach Team % Correct
Rich RodriguezMichigan
95.8%
Pete CarrollUSC
95.8%
Joe Paterno Penn State
95.3%
Les Miles LSU
94.3%
Steve Spurrier South Carolina
93.1%
Bob Stoops Oklahoma
90.6%
Frank Beamer Virginia Tech
87.4%
Greg SchianoRutgers
80%
Chip Kelly Oregon
78.7%
Mike Leach Texas Tech
78.7%
Steve Sarkisian Washington
77%
Kirk Ferentz Iowa
77%
Chris PetersenBoise State
76.7%
Mike GundyOklahoma State
74%
Bill Snyder Kansas State
73.8%
Coach Team % Correct
June Jones Southern Methodist
70.5%
Bret BielemaWisconsin
65.6%
Dabo SwinneyClemson
64.6%
Bill StewartWest Virginia
58.9%
Skip HoltzEast Carolina
58.4%
David Cutcliffe Duke
56.7%
Jeff Tedford California
54%
Kevin SumlinHouston
34.9%
Butch Jones Central Michigan
20.5%
Tommy WestMemphis
20%
Randy ShannonMiami (FL)
19.3%
Mike Locksley New Mexico
16.8%
Dick Tomey San Jose State
14.4%
Tim Beckman Toledo
10.6%
Larry Blakeney Troy
10.1%

You're not logged in!

Compare scores with friends on all Sporcle quizzes.
OR
Log In

Show Comments

Extras

Top Quizzes Today


Score Distribution

Your Account Isn't Verified!

In order to create a playlist on Sporcle, you need to verify the email address you used during registration. Go to your Sporcle Settings to finish the process.

Report this User

Report this user for behavior that violates our Community Guidelines.

Details: